1127 1518 1682 1922 1898 1049 1228 1351 1269 1690 1439 1391 1083 1855 1625 1688 1204 1947 1250 1118 1808 1253 1221 1424 1745 1459 1621 1846 1017 1334 1009 1394 1228 1099 1209 1627 1386 1053 1484 1097 1591 1413 1407 1915 1959 1066 1271 1181 1802 1979 1499 1028 1486 1492 1559 1199 1146 1361 1871 1978 1525 1798 1503 1295 1260 1315 1880 1643 1425 1335 1724 1134 1146 1423 1771 1848 1443 1091 1624 1251 1661 1642 1910 1907 1419 1320 1777 1012 1951 1942 1836 1017 1433 1225 1496 1942 1042 1698 1869 BCNSPRNW ULIB Ver.6.0+V

เปลี่ยนเป็นภาษาไทย

Change to English
 แสดงรายละเอียดบรรณานุกรม
  กลับหน้าหลัก

Brief Record : Get Marc (ISO 2709) : E-mail record : QR code < ปิดหน้าต่าง
LEADER : 00000nam 2200000uu 4500
001    13399112555
003     ULIB
008    110824s2545||||th 000 0 tha d
020    9786167375700
060 04 QV250^bณ113T 2554
245 00 Trends in Infectious Disease Pharmacotherapy 2011/^cบรรณาธิการ, ณัฐาศิริ ฐานะวุฑฒ์,สุชาดา สูรพันธุ์,มาลี โรจน์พิบูลสถิตย์
250    พิมพ์ครั้งที่ 1
260    กรุงเทพฯ :^bประชาชน จำกัด,^c2554
300    367 หน้า :^bภาพประกอบ ;^c26 ซม.
650  4 โรคติดเชื้อ^xการรักษาด้วยยา
700 0  ณัฐาศิริ ฐานะวุฑฒ์,^eบรรณาธิการ
700 0  สุชาดา สูรพันธุ์,^eบรรณาธิการ
710 2  โครงการประชุมเชิงปฏิบัติการ งานเภสัชกรรมคลินิก ครั้งที่ 8/2554
945    ^p380^l0^i18531
945    ^p380^l0^i18532
995     กัณชพร
999    ^aใช้งานได้ทุกระบบ
รายการนี้ยังไม่มีแท็ก
คุณยังไม่ได้ล็อกอิน คุณสามารถมีกิจกรรมร่วมกับเว็บไซต์ได้ แต่ต้องล็อกอินก่อน ::
  ล็อกอิน

รายการสื่อสารสนเทศ

ลำดับที่ ประเภท เลขเรียก/บาร์โค้ด สถานที่ สถานะ
1. วิทยาศาสตร์การแพทย์ และสุขภาพ
วิทยาศาสตร์การแพทย์ และสุขภาพ
สถานะ=หนังสือเก่า
QV250 ณ113T 2554  
  Barcode: 18531
ห้องสมุดวิทยาเขตนครสวรรค์
►ส่วนจัดเก็บหนังสือเก่า นว.
บนชั้น
  ขอยืม
2. วิทยาศาสตร์การแพทย์ และสุขภาพ
วิทยาศาสตร์การแพทย์ และสุขภาพ
สถานะ=หนังสือเก่า
QV250 ณ113T 2554 ฉ.2 
  Barcode: 18532
ห้องสมุดวิทยาเขตนครสวรรค์
►ส่วนจัดเก็บหนังสือเก่า นว.
บนชั้น
  ขอยืม

BibComment


ยังไม่เคยถูกคอมเมนท์

คอมเมนท์ทรัพยากรรายการนี้
  คอมเมนท์: Trends in Infecti..


 Copyright 2026. Bcnsprnw @Library